| 000 | 00491nam a2200169 4500 | ||
|---|---|---|---|
| 003 | SEACOMMC | ||
| 005 | 20250419140022.0 | ||
| 008 | 241001b |||||||| |||| 00| 0 eng d | ||
| 020 |
_a978-81-2591-476-1 _cRs.230.00 |
||
| 040 | _aSEACOMMC | ||
| 082 |
_a658.83 _bS 955 |
||
| 100 | _a Sumathi, S | ||
| 245 | 1 |
_aMarketing Research and Consumer Behaviour _c S Sumathi and P Saravanavel |
|
| 260 |
_a New Delhi _bVikas Publishing House _cc2003 |
||
| 650 | _a Consumer Markets-India | ||
| 942 | _cBOOK | ||
| 999 |
_c616 _d616 |
||